000 00644nam a2200229 a 4500
001 458
003 BR-CuiBMT
005 20231124231013.0
008 231107b2011 rjba 001 0 por d
020 _a9788537509791
040 _aBR-CuiBMT
_cBR-CuiBMT
080 _22007
_a349.6
090 _a349.6
_bA636d
_c13. ed.
100 1 _aAntunes, Paulo de Bessa
245 1 0 _aDireito ambiental /
_cPaulo de Bessa Antunes.
250 _a13. ed., rev. e atual.
260 _aRio de Janeiro :
_bLumen Juris,
_c2011.
300 _a1179 p. ;
_c24 cm
504 _aInclui bibliografia e índice.
650 _aDireito ambiental
_zBrasil
942 _2udc
_cLV
999 _c458
_d458